000 005710000a22001810004500
003 MACL
005 20160331153047.0
008 160331b xxu||||| |||| 00| 0 eng d
040 _aMACL
_cMACL
041 _aHindi
082 _a333
100 _aदिवेदी देवव्रत
_949347
245 _aआपदा प्रबन्‍धन
260 _aनई दिल्‍ली
_bअम्‍बेडकर जनवाचन केन्‍द्र
_c2012
350 _a200
650 _aपर्यावरण
_936465
942 _cHIN
_k333
_2ddc
999 _c48504
_d48504